| 000 | 00805nam a22002297a 4500 | ||
|---|---|---|---|
| 999 |
_c3816 _d3816 |
||
| 003 | AR-CdUCM | ||
| 008 | 190307b ||||| |||| 00| 0 spa d | ||
| 040 |
_aMUNICIPALIDAD PROVINCIAL DEL CUSCO _cBIBLIOTECA MUNICIPAL DEL CUSCO |
||
| 082 |
_a362.0985 / _bAL35 |
||
| 100 |
_aAlarcon Glasinovich, Walter _912291 |
||
| 245 |
_aTrabajar y Estudiar en los Andes : _bAproximación al trabajo infantil en las comunidades rurales de Cuzco y Cajamarca / |
||
| 260 |
_aLima : _bUNICEF, _c2001. |
||
| 300 |
_a109 paginas ; _bIlustraciones , _c20cm. |
||
| 500 | _aFondo de las naciones unidas para la infancia | ||
| 650 |
_aTrabajo infantil _912292 |
||
| 650 |
_aPeru _97305 |
||
| 650 |
_aCusco _9772 |
||
| 650 |
_aCondiciones sociales _91132 |
||
| 650 |
_aSiglo XXI _92856 |
||
| 942 |
_2ddc _cLIBROS |
||
| 945 | _apjha | ||